书目信息 |
| 题名: |
基础有机化学
|
|
| 作者: | 邢其毅 编 | |
| 分册: | 下册 | |
| 出版信息: | 北京 高等教育出版社 1993 |
|
| 页数: | 577~1217页 | |
| 开本: | 26cm | |
| 丛书名: | ||
| 单 册: | ||
| 中图分类: | O62 | |
| 科图分类: | ||
| 主题词: | 有机化学 | |
| 电子资源: | ||
| ISBN: | 7-04-004607-5 | |
| 000 | 00543nam0 2200193 45 | |
| 001 | 0306040969 | |
| 005 | 20070620133731.64 | |
| 010 | @a7-04-004607-5@dCNY31.50 | |
| 100 | @a20030604d20011993km y0chiy0120 ea | |
| 101 | 0 | @achi |
| 200 | 1 | @a基础有机化学@h下册@AJi Chu You Ji Hua Xue@f邢其毅等编@FXing Qi Yi DengBian |
| 205 | @a2版 | |
| 210 | @a北京@c高等教育出版社@d1993@h2001重印 | |
| 215 | @a577~1217页@d26cm | |
| 606 | 0 | @a有机化学 |
| 690 | @aO62@v4 | |
| 701 | 0 | @a邢其毅@4编 |
| 801 | @aCN@bTSTC@c20070620 | |
| 905 | @b323711-714@dO62@e10:2=2@f4 | |
| 基础有机化学.下册/邢其毅等编.-2版.-北京:高等教育出版社,1993(2001重印) |
| 577~1217页;26cm |
| ISBN 7-04-004607-5:CNY31.50 |
| ● |
| 相关链接 |
|
|
|
|
正题名:基础有机化学
索取号:O62/10:2=2
 
预约/预借
| 序号 | 登录号 | 条形码 | 馆藏地/架位号 | 状态 | 备注 |
| 1 | 0323711 | 203237112 | 第三借阅区/ [索取号:O62/10:2=2] | 在馆 | |
| 2 | 0323712 | 203237121 | 第三借阅区/ [索取号:O62/10:2=2] | 在馆 | |
| 3 | 0323713 | 203237130 | 第三借阅区/ [索取号:O62/10:2=2] | 在馆 | |
| 4 | 0323714 | 203237149 | 第二样本阅览室/ [索取号:O62/10:2=2] | 在馆 | |
| 5 | 0656989 | 206569890 | 库房3/ [索取号:O62/10:2=2] | 在馆 | |
| 6 | 0656990 | 206569907 | 第三借阅区/ [索取号:O62/10:2=2] | 在馆 | |
| 7 | 0656991 | 206569916 | 库房3/ [索取号:O62/10:2=2] | 在馆 | |
| 8 | 0656992 | 206569925 | 库房3/ [索取号:O62/10:2=2] | 在馆 | |
| 9 | 0656993 | 206569934 | 库房3/ [索取号:O62/10:2=2] | 在馆 |